000 00339 a2200145 4500
001 168865
020 _a
040 _cMagnum
100 _aVillas Boas, Maria Violeta C.
240 1 0 _aEducacao: reflexoes sobre uma pratica
_lpor
245 1 0 _aEducacao: reflexoes sobre uma pratica
362 0 _a1899
697 _aENSINO
942 _cBK
999 _c168865
_d168865